000 00554nam a2200181 a 4500
005 20220928063436.0
008 991125s1974 fr 000 0 fre u
035 _aUPN01000000684
049 _aCG
050 4 _aLB1028
_bD8.2
100 1 _aDulau, Lucien
245 1 4 _aLes activités d'éveil á dominante scientifique á l'école élémentaire /
_cLucien Dulau.
260 _aParis :
_bBourrelier-Education,
_c1974.
300 _a287 p.
440 0 _aBourrelier-Education ;
_v9
650 7 _aEducación primaria
_xInvestigación
_2
_916040
905 _aLibro
999 _c684
_d684